Translating picturebooks. Revoicing the verbal, the visual, and the aural for a child audience

Spremljeno u:
Bibliografski detalji
Glavni autori: Oittinen, Riitta (Autor), Ketola, Anne (Autor)
Format: Nepoznato
Jezik:engleski
Izdano: London, United Kingdom: Routledge, 2018.
Serija:Routledge advances in translation studies,
Teme:
Oznake: Dodaj oznaku
Bez oznaka, Budi prvi tko označuje ovaj zapis!

MARC

LEADER 00000 a2200000 4500
003 CL-VaPUC
005 20250408151336.0
008 220708b ||||| |||| 00| 0 eng d
999 |c 436568  |d 436566 
020 |a 9780367365868 
040 |c Pontificia Universidad Católica de Valparaíso 
082 7 |a 418.02 OIT 2018  |2 22 
100 |a Oittinen, Riitta,   |9 871893  |e author 
245 |a Translating picturebooks.   |b Revoicing the verbal, the visual, and the aural for a child audience 
260 |a London, United Kingdom:  |b Routledge,   |c 2018. 
300 |a 213 páginas. 
490 |a Routledge advances in translation studies,   |n  30. 
583 |k GC  |c 20220708 
650 |a Traducción e interpretación   |9 315998 
650 0 |a Ilustración de libros  |9 327901 
650 |a Literatura infantil  |x Traducción  |9 872730 
700 |a Ketola, Anne  |e author  |9 901870 
700 |4 Garavini, Melissa  |e author  |9 901871 
942 |2 ddc  |c BK 
952 |0 0  |1 0  |2 ddc  |4 0  |6 418_020000000000000_OIT_2018  |7 0  |8 A  |9 584576  |a BIBEDU  |b BIBEDU  |c GEN  |d 2022-07-08  |e 74  |g 45537.00  |i 5652706  |l 1  |m 2  |o 418.02 OIT 2018  |p 5652706  |r 2025-04-08  |s 2025-03-19  |t 1  |v 45537.00  |w 2022-07-08  |y BK  |k LIT